| 000 | 00762nam a2200217 i 4500 | ||
|---|---|---|---|
| 001 | 172996 | ||
| 003 | ES-MaACL | ||
| 005 | 20230906215111.0 | ||
| 008 | 091002s2002 sp a |||| | spa d | ||
| 020 | _a84-398-3464-0 | ||
| 080 | _a821.134.2 Alas, Leopoldo 7 Regenta.07 | ||
| 100 | 1 |
_aFernández Avello, Manuel. _949490 |
|
| 245 | 1 | 0 |
_aClarín y "La Regenta" _b: (1884-1984), (1885-1985) / _cManuel F. Avello. |
| 260 |
_a[Oviedo] : _bAlsa Grupo, _c2002. |
||
| 300 |
_a237 p. : _bil. ; _c17 cm. |
||
| 490 | 1 |
_aEl lector viajero ; _v8 |
|
| 600 | 1 | 4 |
_aAlas, Leopoldo, _d1852-1901. _tLa Regenta _919159 |
| 830 | 0 |
_aEl lector viajero ; _v8 _9223467 |
|
| 852 |
_aES-MaACL _jE-13013 _z. - Biblioteca Jacinto Martínez Lacalle |
||
| 999 |
_c172996 _d172996 |
||